FIFA 23 Man of the Match - Statistics

General Stats
  • This quiz has been taken 17 times
    11 since last reset
  • The average score is 34 of 82
Answer Stats
rat pos club player % Correct
Man of the Match 92 CDM Manchester United Casemiro
100%
Man of the Match 85 CAM Bayer Leverkusen Florian Wirtz
90%
Man of the Match 89 CF AS Roma Paulo Dybala
90%
UCL MOTM 90 CDM Bayern Munich Joshua Kimmich
70%
Man of the Match 85 LW Sevilla Lucas Ocampos
70%
UCL MOTM 88 GK AC Milan Mike Maignan
70%
UCL MOTM 88 CM Inter Milan Nicolò Barella
70%
UCL MOTM 89 LW AC Milan Rafael Leão
70%
UCL MOTM SBC 91 CDM Manchester City Rodri
70%
UCL MOTM 85 RW Real Madrid Rodrygo
70%
UCL MOTM 90 RW Real Madrid Rodrygo
70%
UEL MOTM 88 GK Sevilla Yassine Bounou
70%
UCL MOTM 90 RM Manchester City Bernardo Silva
60%
Man of the Match 89 CAM Manchester United Bruno Fernandes
60%
Man of the Match 88 CF RB Leipzig Christopher Nkunku
60%
Man of the Match 85 LW FC Copenhagen Diogo Gonçalves
60%
UCL MOTM 90 ST Inter Milan Edin Džeko
60%
UEL MOTM 88 CB Bayer Leverkusen Edmond Tapsoba
60%
UCL MOTM 90 ST Manchester City Erling Haaland
60%
Man of the Match 88 CB Inter Milan Francesco Acerbi
60%
Man of the Match 84 CDM Manchester United Fred
60%
UCL MOTM 83 ST Benfica Gonçalo Ramos
60%
UECL MOTM 88 RM West Ham United Jarrod Bowen
60%
UCL MOTM 88 ST Chelsea Kai Havertz
60%
Man of the Match 83 LM Borussia Dortmund Karim Adeyemi
60%
Man of the Match 93 CF Real Madrid Karim Benzema
60%
Man of the Match 87 ST Fiorentina Luka Jović
60%
Man of the Match 85 LW Sporting Lisbon Pedro Gonçalves
60%
UEL MOTM 87 CM Sporting Lisbon Pedro Gonçalves
60%
Man of the Match 89 RW Manchester City Riyad Mahrez
60%
UEL MOTM 87 ST Bayer Leverkusen Adam Hložek
50%
Man of the Match 90 CAM RB Leipzig Dani Olmo
50%
UCL MOTM 86 CM Napoli Piotr Zieliński
50%
Man of the Match 87 CB Manchester United Victor Lindelöf
50%
Man of the Match 82 GK Shakhtar Donetsk Anatoliy Trubin
40%
Man of the Match 87 RW Juventus Ángel Di María
40%
UEL MOTM 86 RW Sevilla Erik Lamela
40%
Man of the Match 88 LM FC Porto Galeno
40%
Man of the Match 87 CM Manchester City İlkay Gündoğan
40%
UEL MOTM 84 CM Sevilla Joan Jordán
40%
UCL MOTM 87 CB Inter Milan Matteo Darmian
40%
Man of the Match 83 ST Cremonese Cyriel Dessers
30%
Man of the Match 82 RB Slavia Praha David Douděra
30%
Man of the Match 87 RW Napoli Hirving Lozano
30%
Man of the Match 75 CB Toulouse Logan Costa
30%
UECL MOTM 90 CB West Ham United Nayef Aguerd
30%
UECL MOTM 86 RW Fiorentina Nicolás González
30%
UEL MOTM 84 CM Feyenoord Orkun Kökçü
30%
Man of the Match 85 ST Royal Antwerp Vincent Janssen
30%
Man of the Match 84 GK Al-Hilal Abdullah Al-Mayouf
20%
Man of the Match 82 CB Sheffield United Anel Ahmedhodžić
20%
UECL MOTM 79 GK Anderlecht Bart Verbruggen
20%
Man of the Match 84 LB HNK Hajduk Dario Melnjak
20%
Man of the Match 85 RM Başakşehir Deniz Türüç
20%
UEL MOTM 84 CM AS Roma Edoardo Bove
20%
UEL MOTM 83 CB Juventus Federico Gatti
20%
Man of the Match 83 CM Grimsby Town Gavan Holohan
20%
Man of the Match 85 CB AEK Athens Harold Moukoudi
20%
Man of the Match 79 RW BK Häcken Ibrahim Sadiq
20%
Man of the Match 86 RW BK Häcken Ibrahim Sadiq
20%
Man of the Match 83 ST Young Boys Jean-Pierre Nsame
20%
UECL MOTM 87 LW AZ Alkmaar Jesper Karlsson
20%
Man of the Match 82 GK PSV Eindhoven Joël Drommel
20%
Man of the Match 83 RWB Union Berlin Josip Juranović
20%
Man of the Match 79 GK Legia Warsaw Kacper Tobiasz
20%
UEL MOTM 81 CM Union Saint-Gilloise Lazare Amani
20%
Man of the Match 83 LM Fulham Manor Solomon
20%
Man of the Match 82 ST SK Strum Graz Manprit Sarkaria
20%
UECL MOTM 87 GK AZ Alkmaar Matthew Ryan
20%
Man of the Match 81 CM Celtic Matt O'Riley
20%
Man of the Match 90 ST Fenerbahçe Michy Batshuayi
20%
Man of the Match 86 RM Orlando Pirates Monnapule Saleng
20%
Man of the Match 76 CM Osasuna Pablo Ibáñez
20%
Man of the Match 84 GK Sepsi OSK Sfântu Gheorghe Roland Niczuly
20%
Man of the Match 80 CAM Blackburn Rovers Sammie Szmodics
20%
Man of the Match 74 GK FC Annecy Thomas Callens
20%
Man of the Match 79 CM Sheffield United Tommy Doyle
20%
Man of the Match 83 CM FC Copenhagen Viktor Claesson
20%
Man of the Match 83 CDM Fenerbahçe Willian Arao
20%
UECL MOTM 80 LM FC Basel Zeki Amdouni
20%
UECL MOTM 84 ST FC Basel Zeki Amdouni
20%
UCL MOTM 87 CB RB Leipzig Marcel Hastenburg
10%
No matching quizzes found
Score Distribution
Percent of People with Each Score
Percentile by Number Answered
Your Score History
You have not taken this quiz since the last reset